<?xml version="1.0" encoding="UTF-8"?>
<marc:record xmlns:marc="http://www.loc.gov/MARC21/slim">
   <marc:leader>00000nam a2200000 a 4500</marc:leader>
   <marc:datafield ind1="1" ind2=" " tag="100">
      <marc:subfield code="a">Scott, Gavin</marc:subfield>
      <marc:subfield code="4">ctb</marc:subfield>
      <marc:subfield code="e">Mitwirkende/-r</marc:subfield>
   </marc:datafield>
   <marc:datafield ind1="1" ind2=" " tag="100">
      <marc:subfield code="a">Freedman, Claire</marc:subfield>
      <marc:subfield code="4">ctb</marc:subfield>
      <marc:subfield code="e">Mitwirkende/-r</marc:subfield>
   </marc:datafield>
   <marc:datafield ind1=" " ind2=" " tag="653">
      <marc:subfield code="a">Braunbär</marc:subfield>
   </marc:datafield>
   <marc:datafield ind1=" " ind2=" " tag="653">
      <marc:subfield code="a">Jungtiere</marc:subfield>
   </marc:datafield>
   <marc:datafield ind1=" " ind2=" " tag="653">
      <marc:subfield code="a">Softcover / Kinder- und Jugendbücher/Bilderbücher/Pappbilderbücher</marc:subfield>
   </marc:datafield>
   <marc:datafield ind1=" " ind2=" " tag="653">
      <marc:subfield code="a">Fühlbilderbücher</marc:subfield>
   </marc:datafield>
   <marc:datafield ind1=" " ind2=" " tag="653">
      <marc:subfield code="a">Bilderbuch</marc:subfield>
   </marc:datafield>
   <marc:datafield ind1="0" ind2="0" tag="245">
      <marc:subfield code="a">Ich hab dich lieb, kleiner Bär</marc:subfield>
   </marc:datafield>
   <marc:datafield ind1="0" ind2="0" tag="245">
      <marc:subfield code="c">Ill.: Gavin Scott. Text: Claire Freedman. Aus dem Engl. nacherzählt von Katharina Frey</marc:subfield>
   </marc:datafield>
   <marc:datafield ind1=" " ind2="1" tag="264">
      <marc:subfield code="a">München</marc:subfield>
      <marc:subfield code="b">ArsEd.</marc:subfield>
      <marc:subfield code="c">2010</marc:subfield>
   </marc:datafield>
   <marc:datafield ind1="1" ind2=" " tag="490">
      <marc:subfield code="a">Spielen &amp; wachsen</marc:subfield>
   </marc:datafield>
   <marc:datafield ind1="1" ind2=" " tag="520">
      <marc:subfield code="a">Angaben aus der Verlagsmeldung

Ich hab dich lieb, kleiner Bär / von Claire Freedman

Langsam geht die Sonne auf. Hurra! Ein neuer Tag beginnt. Zusammen mit seiner Mama macht der kleine Bär eine erste Entdeckungstour: er spielt mit dem Frosch am Ufer, entdeckt ein Bienennest mit viel leckerem Honig und trifft seinen Freund, das lustiger Eichhörnchen. Abends zurück in der warmen Höhle kuschelt er sich glücklich und zufrieden an seine Mama.
</marc:subfield>
   </marc:datafield>
   <marc:datafield ind1=" " ind2=" " tag="020">
      <marc:subfield code="a">9783760762760</marc:subfield>
      <marc:subfield code="9">9783760762760</marc:subfield>
   </marc:datafield>
   <marc:datafield ind1=" " ind2=" " tag="041">
      <marc:subfield code="a">ger</marc:subfield>
   </marc:datafield>
   <marc:datafield ind1=" " ind2=" " tag="300">
      <marc:subfield code="a">18] S.</marc:subfield>
   </marc:datafield>
</marc:record>
